Economía / (Registro nro. 5312)
[ vista simple ]
| 000 -LEADER | |
|---|---|
| fixed length control field | 01050nam a2200253Ia 4500 |
| 003 - CONTROL NUMBER IDENTIFIER | |
| control field | OSt |
| 005 - DATE AND TIME OF LATEST TRANSACTION | |
| control field | 20210107105029.0 |
| 008 - FIXED-LENGTH DATA ELEMENTS--GENERAL INFORMATION | |
| fixed length control field | 191128t1981 sp ad fr 000 0 spa d |
| 020 ## - INTERNATIONAL STANDARD BOOK NUMBER | |
| International Standard Book Number | 9684510020 |
| 040 ## - CATALOGING SOURCE | |
| Original cataloging agency | CO-JMCR |
| Transcribing agency | CO-JMCR |
| 041 0# - LANGUAGE CODE | |
| Language code of text/sound track or separate title | spa |
| 082 04 - DEWEY DECIMAL CLASSIFICATION NUMBER | |
| Classification number | 330 / |
| Item number | W872e |
| Edition number | 23 |
| 100 1# - MAIN ENTRY--PERSONAL NAME | |
| Personal name | Wonnacott, Paul, |
| Relator term | autor |
| 9 (RLIN) | 4826 |
| 245 10 - TITLE STATEMENT | |
| Title | Economía / |
| Statement of responsibility, etc. | Paul Wonnacott, Ronal Wonnacott ; traducción Leonidas Mora y Luis Bernardo Florez |
| 260 ## - PUBLICATION, DISTRIBUTION, ETC. | |
| Place of publication, distribution, etc. | Madrid : |
| Name of publisher, distributor, etc. | McGraw-Hill, |
| Date of publication, distribution, etc. | ©1981 |
| 300 ## - PHYSICAL DESCRIPTION | |
| Extent | 853 páginas : |
| Other physical details | gráficos a color ; |
| Dimensions | 23 cm. |
| 505 0# - FORMATTED CONTENTS NOTE | |
| Formatted contents note | Problemas y objetivos económicos -- El problema económico de la escasez -- Especialización, intercambio y dinero -- Demanda y oferta. El mecanismo del mercado -- La función económica del gobierno -- Organización y finanzas de las empresas |
| 650 14 - SUBJECT ADDED ENTRY--TOPICAL TERM | |
| Topical term or geographic name entry element | Economía |
| 9 (RLIN) | 4833 |
| 650 14 - SUBJECT ADDED ENTRY--TOPICAL TERM | |
| Topical term or geographic name entry element | Teoría económica |
| 9 (RLIN) | 4834 |
| 700 1# - ADDED ENTRY--PERSONAL NAME | |
| Personal name | Wonnacott, Ronal, |
| Relator term | autor |
| 9 (RLIN) | 4829 |
| 700 1# - ADDED ENTRY--PERSONAL NAME | |
| Personal name | Mora, Leonidas, |
| Relator term | traductora |
| 9 (RLIN) | 4835 |
| 700 1# - ADDED ENTRY--PERSONAL NAME | |
| Personal name | Florez, Luis Bernardo, |
| Relator term | traductor |
| 9 (RLIN) | 4836 |
| 942 ## - ADDED ENTRY ELEMENTS (KOHA) | |
| Source of classification or shelving scheme | Dewey Decimal Classification |
| Koha item type | Books |
| Withdrawn status | Lost status | Source of classification or shelving scheme | Damaged status | Not for loan | Collection code | Home library | Current library | Date acquired | Source of acquisition | Cost, normal purchase price | Full call number | Barcode | Date last seen | Copy number | Koha item type | Price effective from |
|---|---|---|---|---|---|---|---|---|---|---|---|---|---|---|---|---|
| Dewey Decimal Classification | Non-fiction | Biblioteca Pública José María del Castillo y Rada | Biblioteca Pública José María del Castillo y Rada | 04/15/2018 | Donación | 0.00 | 330 / W872e | 430001699 | 05/16/2024 | Ej.1 | Books | |||||
| Dewey Decimal Classification | Non-fiction | Biblioteca Pública José María del Castillo y Rada | Biblioteca Pública José María del Castillo y Rada | 04/15/2018 | Donación | 0.00 | 330 / W872e | 430001700 | 05/16/2024 | Ej.2 | Books | 05/29/2020 |